<O >Gato e o Rato (Registo nº 28686)
[ vista simples ]
| 000 -Etiqueta do registo | |
|---|---|
| Valores | 00510nam a2200205 4500 |
| 090 ## - | |
| -- | 28686 |
| 100 ## - Dados gerais de processamento | |
| Dados gerais | 20071029 c y0pory5003 ba |
| 101 0# - Língua de publicação | |
| -- | por |
| 102 ## - País de publicação | |
| -- | PT |
| 200 1# - Titulo e menção de responsabilidade | |
| Título próprio | <O >Gato e o Rato |
| Primeira menção de responsabilidade | Luisa Ducla Soares |
| Outras menções de responsabilidade | il. Catherine Labey |
| 210 ## - Publicação | |
| Nome do editor | Estúdios Cor |
| 215 ## - Descrição física | |
| Paginação / Volumes | 20 p. |
| 675 ## - CDU | |
| Notação | 087.5 |
| Edição | BNL |
| Língua | por |
| 675 ## - CDU | |
| Notação | 821.134.3 |
| Edição | BNL |
| Língua | por |
| 700 #1 - Autor principal (pessoa individual) | |
| Apelido | Soares |
| Nome | Luisa Ducla |
| 702 #1 - Autor secundário (pessoa individual) | |
| Apelido | Labey |
| Nome | Catherine |
| -- | 440 |
| 930 ## - | |
| -- | BECRE |
| 990 ## - Elementos KOHA | |
| Tipo de documento | Livro |
| 995 ## - Localização e informação dos exemplares | |
| -- | 18 |
| 995 ## - Localização e informação dos exemplares | |
| -- | 18 |
| Situação do levantamento | Estado | Biblioteca de origem | Biblioteca de empréstimo | Código de barras | Cota | Permissão de empréstimo | Tipo de documento |
|---|---|---|---|---|---|---|---|
| Completo | Biblioteca da Escola Básica de Aguiar | Biblioteca da Escola Básica de Aguiar | 321BA | 087.5 SOA | Disponível | Livro | |
| Completo | Biblioteca do Centro Escolar de Viana do Alentejo | Biblioteca do Centro Escolar de Viana do Alentejo | 1114BV | 087.5 SOA | Disponível | Livro |